00305nam a2200121Ia 4500008004100000082001800041100002100059245002900080250000800109260004200117300000800159650001600167191201s2012 xx 000 0 und d a621.3822bPRD aPRATT, William K 0aDigital Image Processing aRep aN. delhibWiley Dreautech Indiac2012 a782 aM.Tech(CSE)